Kultúrne dedičstvo a naša súčasnosť

Bibliographic Details
Main Author: Ollík, Teodor (Author)
Format: Article
Language:Slovak
PhysicalDescription:Res. rus., angl.
Subjects:

MARC

LEADER 00000nab a2200000 a 4500
001 vtls000201536
003 SK-MaSNL
005 20260302204726.0
008 111202c1983 xo 0 slo
015 |a SNBRA19rr/mm-uuuuu 
035 |a CL0211649 
040 |a SNKBUCL  |b slo  |c SNKBUCL  |e AACR2 
041 0 |a slo 
044 |a xo  |c SK 
080 |a 72.01  |2 1981 
100 1 |a Ollík, Teodor  |4 aut  |9 470427 
245 1 0 |a Kultúrne dedičstvo a naša súčasnosť  |c Teodor Ollík 
300 |b Res. rus., angl. 
650 0 7 |a architektúra  |2 snkbucl  |9 722 
655 7 |a články zo zborníkov  |2 snkbucl  |9 166140 
773 0 |t Zborník vedeckých a odborných prác  |d Bratislava : SVŠT, 1983  |g S. 13-18 
850 |a Slovenská národná knižnica v Martine  |a MTA001 
852 |a SNK  |b KIS3GCP 
958 |a RK 
992 |a RZB 
999 |c 1474713  |d 1476643